000 00866nam a2200217Ia 4500
001 11398
003 GE_BSU
008 181216s||||||||xx |||||||||||||| ||und||
040 _cGE_BSU
080 _a634(075.8)
100 _aხომიზურაშვილი ნ.
245 _aმეხილეობა
245 _bსახელმძღვ. სას-სამ. ინ-ტის მებაღეობა, მევენახეობისა და მებოსტნეობის ფაკ-ტეტის სტუდენტებისათვის
245 _cრედ: ელ. ფიფია, მ. ღვინიაშვილი
260 _aთბილისი.
260 _bგანათლება.
260 _c1967
300 _a409გვ.22სმ.
653 _aმეხილეობა
942 _cBK
999 _c44595
_d44595